| 000 | 01101nam a22002297a 4500 | ||
|---|---|---|---|
| 005 | 20100529142321.0 | ||
| 008 | 100529t xxu||||| |||| 00| 0 hin d | ||
| 010 | _aHIN-89433 | ||
| 020 | _c150.00 | ||
| 035 | _aHN-61779 | ||
| 037 | _bDBAD / PUB | ||
| 040 |
_aDPL _bHN |
||
| 082 | _a821 | ||
| 100 |
_aदयाकृष्ण विजयवर्गीय 'विजय' _918000 |
||
| 245 |
_aमुक्ततक की छाँव तलेः _cदयाकृष्ण विजयवर्गीय 'विजय' _b(चतुष्पदी संग्रह) / |
||
| 246 |
_aMuktak kee Chhavn Talai: _bby Dayakrishan Vijayavargiya 'Vijaya' |
||
| 260 |
_aकोटा _bविजय प्रकाशन _c2009 |
||
| 270 |
_a228-बी, सिविल लाईन्स _bकोटा (राजस्थान) _e324001 _k(0744) 2324677 |
||
| 300 |
_a116पृ _c22सेमी (सजिल्द) |
||
| 942 |
_2ddc _cHN _mदयाकृ |
||
| 999 |
_c36383 _d36383 |
||